000 00252nam a22000977a 4500
008 231128b |||||||| |||| 00| 0 eng d
082 _aC /
_bPOMP
100 _aPombo, Rafael
_eAutor
_9493
245 _aLa pobre viejecita /
_cRafael Pombo
942 _2ddc
999 _c30440
_d16824